Top 10 Queen Songs by Plays - Statistics

General Stats
  • This quiz has been taken 294 times
  • The average score is 8 of 10
Answer Stats
Picture Hint Answer % Correct
#1: 2,083,638,314 Bohemian Rhapsody
97%
#8: 580,853,275 We Are The Champions
89%
#5: 1,014,715,131 We Will Rock You
89%
#7: 633,747,220 Killer Queen
81%
#2: 1,534,551,281 Don't Stop Me Now
79%
#4: 1,275,468,579 Under Pressure (with David Bowie)
79%
#3: 1,478,879,892 Another One Bites The Dust
78%
#10: 545,407,170 Radio Ga Ga
71%
#6: 739,992,932 Somebody To Love
59%
#9: 573,747,401 Crazy Little Thing Called Love
55%
No matching quizzes found
Score Distribution
Percent of People with Each Score
Percentile by Number Answered
Your Score History
You have not taken this quiz